| Tag |
First Indicator |
Second Indicator |
Subfields |
| LEADER |
00000cam a2200000Ia 4500 |
| 001 |
in00003402642 |
| 005 |
20151206081132.0 |
| 008 |
001106s2000 enk 000 f eng |
| 015 |
|
|
|a GBA0-X4461
|
| 015 |
|
|
|a GBA068926
|2 bnb
|
| 019 |
|
|
|a 44484422
|a 265434062
|
| 020 |
|
|
|a 0141183993
|
| 020 |
|
|
|a 9780141183992
|
| 035 |
|
|
|a (OCoLC)ocm45338917
|
| 035 |
|
|
|a (OCoLC)45338917
|z (OCoLC)44484422
|z (OCoLC)265434062
|
| 040 |
|
|
|a UKM
|c UKM
|d BXM
|d OCLCQ
|d YDXCP
|d OCLCG
|d CUD
|d SINLB
|d TXA
|d UtOrBLW
|
| 043 |
|
|
|a e-uk-en
|
| 049 |
|
|
|a TXAM
|
| 050 |
|
4 |
|a PR6031.O867
|b W6 2000
|
| 082 |
0 |
4 |
|a 823.912
|2 21
|
| 090 |
|
|
|a PR6031.O867
|b W65 2000
|
| 100 |
1 |
|
|a Powys, John Cowper,
|d 1872-1963.
|
| 245 |
1 |
0 |
|a Wolf Solent /
|c John Cowper Powys.
|
| 250 |
|
|
|a New ed. / with an introduction by A.N. Wilson.
|
| 264 |
|
1 |
|a London ;
|a New York :
|b Penguin,
|c 2000.
|
| 300 |
|
|
|a 633 pages ;
|c 20 cm.
|
| 336 |
|
|
|a text
|b txt
|2 rdacontent
|
| 337 |
|
|
|a unmediated
|b n
|2 rdamedia
|
| 338 |
|
|
|a volume
|b nc
|2 rdacarrier
|
| 490 |
1 |
|
|a Penguin classics
|
| 500 |
|
|
|a Originally published: London : Jonathan Cape, 1929.
|
| 651 |
|
0 |
|a Dorset (England)
|v Fiction.
|
| 830 |
|
0 |
|a Penguin classics.
|
| 938 |
|
|
|a YBP Library Services
|b YANK
|n 100212992
|
| 948 |
|
|
|a cataloged
|b h
|c 2013/8/19
|d c
|e lschille
|f 8:50:33 am
|
| 994 |
|
|
|a C0
|b TXA
|
| 999 |
|
|
|a MARS
|
| 999 |
f |
f |
|s d5fd1251-0f8b-3ecb-be2a-fd7d3d8c2422
|i 9ca306c6-e167-30ad-9e05-c5f5ce9699b1
|t 0
|
| 952 |
f |
f |
|p noncirc
|a Texas A&M University
|b College Station
|c Cushing Memorial Library & Archives
|d Cushing: Literature/Mitchell (Does not check out)
|t 0
|e PR6031.O867 W65 2000
|h Library of Congress classification
|i unmediated -- volume
|
| 998 |
f |
f |
|a PR6031.O867 W65 2000
|t 0
|l Cushing: Literature/Mitchell (Does not check out)
|